[Event "2025 Spring TNM: 2000+"]
[Site "San Francisco"]
[Date "2025.03.11"]
[Round "2.1"]
[White "Cremisi, Daniel"]
[Black "Agrawal, Varun"]
[Result "1-0"]
[Annotator "Winslow,Elliott"]
[WhiteElo "2388"]
[BlackElo "1933"]
[PlyCount "103"]
[GameId "2154884692607216"]
[EventDate "2025.??.??"]

1. d4 Nf6 {[%emt 0:00:08]} 2. c4 {[%emt 0:00:05]} e6 {[%emt 0:00:04]} 3. Nf3 {[%emt 0:00:23]} d5 {[%emt 0:00:15]} 4. g3 {[%emt 0:00:12] Catalan!?} c5 {[%emt 0:03:41] And into the Tarrasch Defense.} 5. cxd5 {[%emt 0:01:15]} exd5 {[%emt 0:01:05]} 6. Bg2 {[%emt 0:00:54]} Nc6 {[%emt 0:01:32]} 7. O-O {[%emt 0:00:35]} Be7 {[%emt 0:00:19]} (7... cxd4 8. Nxd4 Bc5 {isn't quite what Dubov -- and others -- have been playing with success the last couple years. Max Hao almost pulled it off against me a couple years ago.}) 8. dxc5 {[%emt 0:00:38]} (8. Nc3 O-O {Old Main Line}) 8... Bxc5 {[%emt 0:00:43]} 9. a3 {[%emt 0:00:22] [#]} a5 $6 {[%emt 0:01:58]} ({Relevant:} 9... Ne4 $1 10. Nfd2 (10. b4 Be7 11. Bb2 Bf6) 10... f5 11. b4 Be7 12. Bb2 Bf6 13. Bxf6 Qxf6 14. Nb3 O-O 15. e3 Be6 16. N1d2 Ne5 17. Nf3 Nc4 18. Qd4 Qe7 19. Rfc1 Bf7 20. h4 a6 21. Ne1 Rad8 {0-1 Tabatabaei,M (2685)-Nakamura,H (2780) FIDE Grand Swiss Douglas 2023 (4)}) 10. Qc2 {[%emt 0:02:32]} Be7 {[%emt 0:00:55]} (10... Bb6 $1 $14) 11. Rd1 $16 {[%emt 0:01:43]} Be6 {[%emt 0:02:22]} 12. Nc3 {[%emt 0:04:04]} Qc8 {[%emt 0:04:24]} (12... O-O $16) 13. Bg5 $18 {[%emt 0:04:02] [#] Black is losing a pawn for nothing...} O-O {[%emt 0:05:23]} 14. Bxf6 {[%emt 0:01:04]} Bxf6 {[%emt 0:00:06]} 15. Nxd5 {[%emt 0:01:01]} Bxd5 {[%emt 0:00:19]} 16. Rxd5 {[%emt 0:00:06]} Qe6 {[%emt 0:04:01] [#]} (16... Rd8 17. Rad1 Qe6 18. Rxd8+ Rxd8 19. Rxd8+ Nxd8 20. Ne1 Qb6 21. Nd3 g6 22. Qc8 Qe6 23. Qxe6 fxe6 24. Kf1 Kf7 25. Ke1 Ke7 26. Kd2 Kd6 27. Kc2 b6 28. Kb3 Nf7 29. f4 g5 30. Be4 h6 31. Bg6 Nd8 32. Ne5 Bxe5 33. fxe5+ Kxe5 34. Kc4 Kd6 35. Be8 e5 36. b4 axb4 37. axb4 Ne6 38. e3 Ng7 39. Bg6 Ne6 40. Be4 Nc7 {½-½ Gyerpal,A (2193)-Sevcikova,L (2036) Piestany Slovakia op-A 2022 (8)}) 17. Rad1 $146 {[%emt 0:01:29] Not trying too hard. There are more incisive moves:} (17. Rb5 Rac8 18. Qb3 {trading queens but keeping rooks on, securing b2, picking on b7}) (17. Ng5 $5 {is probably the best technique: Black has to trade his bishop, so no opposite colored bishops stories. But it looks like there's a problem at first:} Bxg5 18. Rxg5 Nd4 {wins back the pawn, but...} 19. Qd1 Nxe2+ 20. Kf1 $18 {The knight is on a ridiculous square!} Rae8 (20... Rfe8 21. Rd5 $1 Qa6 22. Qd3) 21. Rd5 {[%csl Re2]} Re7 22. Qd2 {[%csl Ra5] Still, engine evaluation or not, this is pretty far into the future with no decision. Cremisi's choice might permit a lot of rooks coming off, but White is still up a clear pawn.}) ({And there was even a previous game from here! At least Cremisi did better than in that one:} 17. Rc5 Nd4 18. Nxd4 Bxd4 19. Rb5 Rac8 20. Qd2 Rfd8 21. e3 Bc3 22. Qe2 Rd2 23. Qh5 Rxb2 24. Rxb2 Bxb2 25. Bh3 Qb6 26. Bxc8 Bxa1 27. Qd5 g6 28. Bxb7 Bb2 29. a4 Bc3 30. Bc6 Qc7 31. Bb5 Qe5 32. Qd7 Bb4 33. Bc4 Qe7 34. Qd5 Kg7 35. Kg2 Bc3 36. g4 h6 37. h3 Bb4 38. Bb3 Qf6 39. h4 g5 40. h5 Bc3 41. Qd7 Bb4 42. Kf1 Bc3 43. Qe8 Bb4 44. Qd7 Qe7 45. Qd5 Bc3 46. Bc4 Qc7 47. Bb3 Bb2 48. Ke2 Bc3 49. Kd3 Be5 50. Ke4 Bc3 51. Bc4 Bf6 52. Kf3 Bc3 53. Kg2 Be5 54. e4 Bf6 55. Bb3 Be5 56. Bc4 Bf6 57. Bb3 Be5 58. Bc4 Bf6 {½-½ Kantor,G (2514)-Horvath,D (2377) HUN-chT 1718 Hungary 2017 (6.8)}) 17... Rac8 $6 {[%emt 0:01:28] [#]} (17... Rfd8 $5 18. e4 $5 h5 19. h4 g6 20. Qb3 Qe7 21. Qb5 $1 {is just over into winning land.}) 18. Rh5 $2 {[%emt 0:03:55]} (18. Ng5 $1 {Definitely the best. Like before, White forces the minor but significant win of bishop for knight} Bxg5 19. Rxg5 {and now} Nd4 $2 {fails pretty easily:} 20. Qe4 $1 Nxe2+ 21. Kf1 Qh6 22. Rxa5 {At least the knight has a safe square -- c1!}) 18... g6 $1 $14 {[%emt 0:00:52] [#]} 19. Bh3 $5 {[%emt 0:01:11]} (19. Rc5 {goes for a maybe not winnable 4 vs. 3 with knight vs. bishop (and a few majors):} b6 20. Bh3 $1 Qxh3 21. Rxc6 Rxc6 22. Qxc6 Bxb2 23. Qxb6 Bxa3 24. Qxa5 $14) 19... Nd4 $1 $14 {[%emt 0:37:23]} 20. Nxd4 {[%emt 0:03:16]} Rxc2 {[%emt 0:00:21]} 21. Bxe6 {[%emt 0:01:35]} (21. Nxe6 {is typical computer -- "better" but those opposite colored bishops are still there.} gxh5 22. Nxf8 Kxf8 23. Kf1 $14) 21... Bxd4 $1 {[%emt 0:01:33]} 22. Rxa5 {[%emt 0:04:31]} (22. Rb5 $11 {is marginally better says Stockfish 17 (0.18/24)} Bxb2 23. Bb3 Rxe2 24. Rxb7 Bxa3 25. Rdd7 Kg7) 22... Bxf2+ {[%emt 0:07:09]} (22... Rxe2 {achieves "0.00" a few ways.}) 23. Kxf2 {[%emt 0:00:07]} fxe6+ {[%emt 0:00:02]} 24. Ke3 {[%emt 0:00:45]} Rxb2 {[%emt 0:00:05]} 25. Ra7 {[%emt 0:02:33]} Kg7 {[%emt 0:02:32] [#] Totally drawn, but you still have to play it. Unfortunately for Agrawal, he still is showing the phenomenon we saw in his play last TNM, namely played quite well in the complications, but sank like a rock in the endgame.} 26. a4 {[%emt 0:03:09]} Rf7 {[%emt 0:00:07]} 27. a5 {[%emt 0:00:59]} g5 {[%emt 0:05:41]} 28. Rd8 {[%emt 0:09:32] [#]} b5 $4 $18 {[%emt 0:05:23] Well he didn't waste too much time screwing it up!} 29. Rxf7+ {[%emt 0:04:21]} Kxf7 {[%emt 0:00:02]} 30. Ra8 $4 {[%emt 0:02:46] But he's not alone!} ({Too bad Cremisi didn't see the nice} 30. Rd2 Rb3+ 31. Rd3 Rb2 32. Ra3 b4 {[#]} 33. a6 $3) 30... Rb4 $6 {[%emt 0:00:18]} ({One learns early on that "rooks belong behind passed pawns"...} 30... Ra2 31. a6 $5 (31. Kd4 Rxe2 32. a6 Ra2 33. Kc5 b4 $1 34. Kxb4 e5 $11) 31... Ra4 32. a7 {(threatening Rh8)} Kg7 $1 {(only move) and that the king needs to (and can) avoid the skewer threat.}) 31. Rb8 {[%emt 0:04:02]} Kf6 {[%emt 0:06:25]} 32. Kd3 {[%emt 0:01:35]} e5 $2 {[%emt 0:02:51]} (32... Rb2 $1 $14 {isn't so easy to find.}) 33. Kc3 $18 {[%emt 0:05:38]} Rb1 {[%emt 0:00:07] [#]} 34. e4 $1 {[%emt 0:01:50] The king watches the b-pawn, the rook keeps the a-pawn on the board, there's no counterplay: it's slipped into a win.} Rc1+ {[%emt 0:04:36]} 35. Kb4 {[%emt 0:00:27]} Rb1+ {[%emt 0:00:51]} 36. Kc5 {[%emt 0:00:29]} Rc1+ {[%emt 0:00:06]} 37. Kb6 {[%emt 0:00:51] Different writers call this different things; I like the "umbrella" (Black's b-pawn shields White's king)} b4 {[%emt 0:00:50]} 38. Ka6 $6 {[%emt 0:02:20]} (38. a6 b3 39. Ka7 {is that much faster.}) 38... Rc4 {[%emt 0:00:31]} 39. Rb6+ {[%emt 0:00:24]} Kf7 {[%emt 0:00:21]} 40. Kb7 {[%emt 0:00:56]} Rxe4 {[%emt 0:00:29]} 41. a6 {[%emt 0:00:13]} Rd4 {[%emt 0:01:28]} 42. a7 {[%emt 0:00:38]} Rd8 {[%emt 0:01:58]} 43. a8=Q {[%emt 0:00:47]} Rxa8 {[%emt 0:00:04]} 44. Kxa8 {[%emt 0:00:05] With the Black king cut off there is absolutely no chance now.} b3 {[%emt 0:00:16]} 45. Kb7 $1 {[%emt 0:00:29]} e4 {[%emt 0:00:18]} 46. Rxb3 {[%emt 0:00:09]} Ke6 {[%emt 0:00:04]} 47. Kc6 $1 {[%emt 0:00:05]} h5 {[%emt 0:00:27]} 48. Kc5 {[%emt 0:00:05]} Ke5 {[%emt 0:00:26]} 49. Kc4 {[%emt 0:00:04]} h4 {[%emt 0:00:06]} 50. gxh4 {[%emt 0:00:05]} gxh4 {[%emt 0:00:13]} 51. Ra3 {[%emt 0:00:10]} Kf4 {[%emt 0:00:06]} 52. Kd4 {[%emt 0:00:17]} 1-0

[Event "2025 Spring TNM: 2000+"]
[Site "San Francisco"]
[Date "2025.03.11"]
[Round "2.2"]
[White "Seshadri, Sudarshan"]
[Black "Heiserman, Jimmy"]
[Result "0-1"]
[Annotator "Winslow,Elliott"]
[WhiteElo "2018"]
[BlackElo "2303"]
[PlyCount "54"]
[GameId "2154884692623601"]
[EventDate "2025.??.??"]

1. d4 {[%emt 0:50:12]} Nf6 {[%emt 0:04:29]} 2. Nc3 {[%emt 0:00:14]} d5 {[%emt 0:00:17]} 3. Bf4 {[%emt 0:00:07]} a6 {[%emt 0:00:38]} 4. e3 {[%emt 0:00:25]} h6 {[%emt 0:00:09] [#]} 5. Bd3 {[%emt 0:00:34]} ({Guess who:} 5. h4 e6 6. Nf3 b6 7. Ne5 Nfd7 8. Qf3 Nxe5 9. Bxe5 Nd7 10. Bf4 c5 11. Qg3 Bb7 12. O-O-O Rc8 13. e4 cxd4 14. exd5 Nf6 15. dxe6 Nh5 16. Qg4 Nxf4 17. exf7+ Kxf7 18. Qxf4+ Qf6 19. Rxd4 Qxf4+ 20. Rxf4+ Ke8 21. Bd3 Rc7 22. Re1+ Kd8 23. Be4 Bc8 24. Bf5 Bxf5 25. Rxf5 Bc5 26. Ne4 Be7 27. g3 Kc8 28. Re5 Rd8 29. Rd1 Rf8 30. c3 g5 31. hxg5 hxg5 32. Rd2 g4 33. Re6 Kb7 34. Rg6 b5 {1-0 Carlsen,M (2833)-Nakamura,H (2802) Chessable Masters Winners Chess.com INT rapid 2025 (4.1)}) 5... c5 {[%emt 0:01:01]} 6. dxc5 {[%emt 0:00:24]} Nc6 {[%emt 0:00:17]} 7. Nf3 {[%emt 0:01:14]} Bg4 {[%emt 0:01:46]} 8. Qd2 {[%emt 0:02:14]} Bxf3 {[%emt 0:00:54]} 9. gxf3 {[%emt 0:00:07]} e5 {[%emt 0:00:11]} 10. Bg3 {[%emt 0:00:13]} Bxc5 {[%emt 0:00:16] [#] Black is totally equal. This soon, one can remember Tal's quip "Equal means Black is better."} 11. a3 $146 {[%emt 0:04:08]} ({Predecessor:} 11. O-O-O Bb4 12. a3 Ba5 13. Bf5 Qe7 14. b4 Nxb4 15. axb4 Bxb4 16. Qd3 Rd8 17. Nb1 O-O 18. Rhg1 Kh8 19. Bh4 Rg8 20. Rg2 g5 21. Bg3 Rd6 22. Rh1 Rb6 23. h4 g4 24. fxg4 Ba5 25. g5 Qb4 26. Qb3 Qc5 27. Qa4 d4 28. gxf6 dxe3 29. Bd3 Rb4 30. Qa2 e4 31. Be2 Rc8 32. Rd1 Rd4 33. Rxd4 Qxd4 34. Qxa5 Rc5 35. Qa3 {1-0 Unuk,L (2310)-Narva,M (2387) EU-chT (Women) 24th Budva 2023 (8.9)}) 11... Qe7 {[%emt 0:04:07]} (11... b5 $5) 12. Na4 $6 {[%emt 0:06:20]} Ba7 $15 {[%emt 0:03:26]} 13. c4 $6 {[%emt 0:17:07]} Rd8 $6 {[%emt 0:21:41]} (13... d4 $1) 14. cxd5 {[%emt 0:01:38]} Nxd5 {[%emt 0:00:18] [#]} 15. Qe2 $2 {[%emt 0:27:43]} (15. O-O-O $1 $11) 15... Nf4 $1 $19 {[%emt 0:12:06]} 16. Bxf4 {[%emt 0:03:43]} (16. exf4 Nd4 17. Qd1 (17. Qe3 Nc2+) 17... exf4+ 18. Kf1 O-O $1) 16... exf4 {[%emt 0:00:07]} 17. Be4 {[%emt 0:01:28]} (17. O-O-O $142) 17... fxe3 $19 {[%emt 0:04:11]} 18. fxe3 {[%emt 0:00:10]} O-O {[%emt 0:04:03]} (18... f5 $1) 19. Nc3 {[%emt 0:05:48]} f5 {[%emt 0:08:32]} 20. Bxc6 {[%emt 0:02:55]} bxc6 {[%emt 0:00:06]} 21. Nd1 {[%emt 0:04:12]} f4 {[%emt 0:01:13]} 22. e4 {[%emt 0:03:52]} Qh4+ {[%emt 0:01:16]} 23. Kf1 {[%emt 0:00:18]} Rd7 {[%emt 0:03:58]} 24. h3 {[%emt 0:06:29]} Rfd8 {[%emt 0:01:12]} 25. Rh2 {[%emt 0:00:09]} Qg3 {[%emt 0:02:26]} 26. Rg2 {[%emt 0:01:23]} Qxh3 {[%emt 0:00:20]} 27. Nf2 {[%emt 0:00:23]} Bxf2 {[%emt 0:02:24]} 0-1

[Event "2025 Spring TNM: 2000+"]
[Site "San Francisco"]
[Date "2025.03.11"]
[Round "2.7"]
[White "Senthilkumar, Pranav"]
[Black "Zavgorodniy, Andrew"]
[Result "1-0"]
[WhiteElo "2201"]
[BlackElo "1969"]
[PlyCount "89"]
[GameId "2154884692660468"]
[EventDate "2025.??.??"]

1. Nf3 Nf6 2. e3 g6 3. b4 Bg7 4. Bb2 a5 5. a3 O-O 6. Be2 d5 7. O-O c6 8. c4 Na6 9. d4 dxc4 10. Bxc4 Bg4 11. h3 Bxf3 12. Qxf3 axb4 13. axb4 Qb6 14. b5 cxb5 15. Bb3 e6 16. Nc3 Nc7 17. Qe2 Rxa1 18. Rxa1 Rd8 19. Rb1 Bf8 20. Ba1 b4 21. Na4 Qb5 22. Qc2 Bd6 23. e4 e5 24. d5 Nd7 25. Nb2 f6 26. Nc4 Nc5 27. f4 Nxb3 28. Rxb3 Qc5+ 29. Kh1 b5 30. Ne3 Qxc2 31. Nxc2 Na6 32. Ne3 exf4 33. Ng4 Rc8 34. Nxf6+ Kf7 35. Rb1 b3 36. e5 Ba3 37. e6+ Ke7 38. Ne4 Rc1+ 39. Rxc1 Bxc1 40. Bf6+ Kf8 41. e7+ Kf7 42. Nd6+ Kxf6 43. e8=Q b2 44. Ne4+ Kf5 45. Qe6# 1-0

[Event "2025 Spring TNM: 2000+"]
[Site "San Francisco"]
[Date "2025.03.11"]
[Round "2.8"]
[White "Tsodikova, Natalya"]
[Black "Clemens, Kristian"]
[Result "1-0"]
[Annotator "Winslow,Elliott"]
[WhiteElo "2169"]
[BlackElo "1954"]
[PlyCount "37"]
[GameId "2154884692660469"]
[EventDate "2025.??.??"]

1. e4 e5 2. Nf3 Nf6 3. Nxe5 d6 4. Nf3 Nxe4 5. Nc3 Nxc3 6. dxc3 {This idiosyncratic line is still around, even with Black castling on the queenside as well. As this game went, Black was okay -- until...} Be7 7. Be3 Nc6 ({Yes, people castle kingside again:} 7... O-O 8. Qd2 Nd7 9. O-O-O Nf6 10. Bd3 c5 11. Rhe1 Be6 12. Kb1 Qa5 13. c4 Qxd2 14. Bxd2 h6 15. Nh4 Rfe8 16. Nf5 Bf8 17. f3 b5 18. Ne3 bxc4 19. Nxc4 d5 20. Ne5 Rab8 21. c4 Bd6 22. cxd5 Nxd5 23. a3 Bf5 24. Bxf5 Bxe5 25. f4 Bd4 26. Rxe8+ Rxe8 27. Kc2 Ne3+ 28. Bxe3 Rxe3 29. Bd3 g6 30. Rd2 Kf8 31. Kb3 Re7 32. f5 Rb7+ 33. Ka2 g5 34. Bc4 Kg7 35. g4 a5 36. Re2 Kf6 37. Bd5 {½-½ Nepomniachtchi,I (2754)-Esipenko,A (2695) Chessable Masters Losers Chess.com INT rapid 2025 (3.1)}) 8. Bd3 Be6 9. Qe2 Qd7 10. O-O-O Bf6 11. Kb1 O-O-O 12. Bb5 {[#]} a6 $4 $146 {[#]} (12... Rde8 $11) ({Predecessor:} 12... Kb8 13. Rhe1 Rde8 14. Nd4 Bxd4 15. cxd4 d5 16. Qd2 a6 17. Bf1 Bf5 18. f3 h5 19. h4 f6 20. b3 Re7 21. Bf4 Rhe8 22. Rxe7 Nxe7 23. Kb2 Bh7 24. Re1 Ng6 25. Rxe8+ Qxe8 26. Bg3 Ne7 27. Qb4 Nc6 28. Qb6 Ne5 29. Qc5 Nc6 30. Bf4 Qd7 31. a4 Nd8 32. Be3 Qc6 33. Qxc6 Nxc6 34. Kc3 Kc8 35. g4 hxg4 36. fxg4 Be4 37. Bh3 Kd8 38. g5 a5 39. gxf6 gxf6 40. h5 Nb4 41. Bc1 Nxc2 42. h6 {½-½ Alekseenko,K (2582)-Visakh,N (2431) Wch U20 55th Bhubaneswar 2016 (3)}) 13. Bxa6 bxa6 $2 (13... Ne5 14. Bb5 c6 15. Nxe5 Bxe5 16. Bc4 d5 17. Rhe1 $18) 14. Qxa6+ Kb8 15. c4 (15. Rd3) 15... Qe8 16. Rd3 Bxc4 17. Qxc4 Ne5 18. Qa6 Nxd3 19. Ba7+ 1-0

[Event "2025 Spring TNM: 2000+"]
[Site "San Francisco"]
[Date "2025.03.11"]
[Round "2.9"]
[White "Bayaraa, Chinguun"]
[Black "Cheng, Kar Lun"]
[Result "1-0"]
[Annotator "Winslow,Elliott"]
[WhiteElo "2161"]
[BlackElo "1867"]
[PlyCount "55"]
[GameId "2154884692660470"]
[EventDate "2025.??.??"]

1. Nf3 Nf6 2. d4 g6 3. c4 Bg7 4. g3 O-O 5. Bg2 c6 6. O-O d5 7. Nc3 Nbd7 8. b3 dxc4 ({Relevant:} 8... b6 9. a4 Ba6 10. cxd5 Nxd5 11. Nxd5 cxd5 12. Ba3 Rc8 13. b4 Bc4 14. b5 Re8 15. Bb2 e5 16. dxe5 Nxe5 17. Nxe5 Bxe5 18. Bxe5 Rxe5 19. Re1 d4 20. Qd2 Qd6 21. Qf4 Rd8 22. e3 Bb3 23. Qxd4 Qxd4 24. exd4 Rxe1+ 25. Rxe1 Rxd4 26. Bc6 Rxa4 27. Re8+ Kg7 28. Kg2 h5 29. Ra8 Kf6 30. h4 Be6 31. Kf3 Ke5 32. Ke3 Ra3+ 33. Ke2 Kd4 34. Rd8+ Kc5 35. Be8 Bc4+ 36. Kd2 Ra2+ 37. Ke3 Re2+ 38. Kf3 {0-1 Triapishko,A (2506)-Sarana,A (2654) Titled Tuesday intern op 16th June Chess.com INT blitz 2020 (4)}) 9. bxc4 Nb6 10. c5 Nbd5 11. Nxd5 Nxd5 12. e4 {[#]} Nc3 $146 ({Predecessor:} 12... Nc7 13. Be3 f5 14. Qb3+ Kh8 15. Ng5 e6 16. exf5 exf5 17. Nf7+ Rxf7 18. Qxf7 Be6 19. Bg5 Bxf7 20. Bxd8 Rxd8 21. Rab1 Bc4 22. Rfe1 Ba6 23. Re7 Nb5 24. Bf1 Bxd4 {0-1 Mitrovic,B-Benjaffar,M Toronto Summer op 2000 (5)}) 13. Qd3 {[#]} Nb5 $2 (13... Bxd4 $1 14. Nxd4 Qxd4 15. Qxd4 Ne2+ 16. Kh1 Nxd4 17. Rb1 Rd8 18. a4 $15) 14. Be3 $2 (14. Rd1 $1 b6 $1 $14) 14... Bg4 $2 (14... Nxd4 $1 $11) 15. Rfd1 f5 $6 (15... e5 16. d5 Nd4 17. Bxd4 $16 (17. Nxd4 $5 $16)) 16. Qb3+ Kh8 {[#]} 17. e5 $1 $18 Rb8 18. d5 Bxf3 19. Bxf3 Bxe5 20. dxc6 Qa5 {[#]} 21. cxb7 Bxa1 22. Rxa1 e5 23. Qb2 Qc3 24. Qxc3 Nxc3 25. c6 Nb5 26. a4 e4 27. axb5 exf3 28. Bxa7 1-0

[Event "2025 Spring TNM: 2000+"]
[Site "San Francisco"]
[Date "2025.03.11"]
[Round "2.10"]
[White "Smith, Roger Christopher"]
[Black "Paragiri, Reyansh"]
[Result "0-1"]
[WhiteElo "1872"]
[BlackElo "1978"]
[PlyCount "54"]
[GameId "2154884692664567"]
[EventDate "2025.??.??"]

1. e4 c5 2. Nf3 Nc6 3. d4 cxd4 4. Nxd4 g6 5. Be3 Nf6 6. Nc3 Bg7 7. Be2 O-O 8. Qd2 d5 9. Nxc6 bxc6 10. Rd1 Bb7 11. Bf3 Qc7 12. Bh6 Rad8 13. Bxg7 Kxg7 14. Qe3 e5 15. Qc5 Nd7 16. Qa3 d4 17. Ne2 c5 18. Ng3 Nb6 19. h4 Nc4 20. Qb3 Qa5+ 21. c3 Ba6 22. Qc2 d3 23. Rxd3 Rxd3 24. Qxd3 Nxb2 25. Qd2 Qxa2 26. Nf5+ Kh8 27. Qh6 Qb1+ 0-1

[Event "2025 Spring TNM: 2000+"]
[Site "San Francisco"]
[Date "2025.03.11"]
[Round "2.11"]
[White "Srinivasan, Sivavishnu"]
[Black "Walder, Michael"]
[Result "1-0"]
[Annotator "Tactical Analysis 7.0"]
[WhiteElo "2066"]
[BlackElo "1935"]
[PlyCount "77"]
[GameId "2154884692664568"]
[EventDate "2025.??.??"]

1. e4 Nf6 2. e5 Nd5 3. c4 Nb6 4. d4 d6 5. exd6 cxd6 6. Nc3 g6 7. Nf3 {[%eval 47,31]} (7. h3 $16 {[%eval 84,32]}) 7... Bg7 8. b3 {[%eval 13,38] 8.h3 is becoming the main line.} (8. h3 $1 $16 {[%eval 77,30]}) 8... O-O 9. Be2 Bg4 $11 10. h3 Bxf3 11. Bxf3 (11. gxf3 $2 Nc6 12. Be3 d5 $17) 11... Nc6 12. Be3 e6 13. Rc1 d5 14. cxd5 exd5 $2 (14... Nxd5 15. Nxd5 exd5 16. O-O (16. Rc5 $6 Ne7) 16... Ne7 17. Qd2 Nf5 18. Rc5 Nxe3 19. fxe3 Qe7 20. Rxd5 $11 {(+0.20/22)}) 15. O-O {[#]} Rc8 $146 ({Predecessor:} 15... Qd6 16. Qd2 Rad8 17. Rfd1 Qb4 18. g3 Rd7 19. h4 h5 20. Bg2 Re8 21. Kh2 Bf6 {1-0 Blohberger,F (2475)-Joie,S (2425) Mitropa Cup 38th Radenci 2019 (3.2)}) 16. Qd2 Rc7 17. Ne2 Nc8 {[%eval 116,27]} (17... Re8 $142 {[%eval 78,30]}) 18. g3 {[%eval 54,32]} (18. Rc5 $16 {[%eval 116,27]}) 18... N8e7 {[%eval 90,25]} (18... Rd7 $14 {[%eval 54,32]}) 19. Nf4 {[%eval -9,35]} (19. Bf4 $16 {[%eval 90,25]}) 19... Rd7 {1.17/30 [#]} (19... Nf5 $11 {[%eval -9,35]} 20. Nxd5 Rd7 21. Nf4 Ncxd4 22. Bxd4) 20. Bg4 $1 $16 {White is more active.} Rd6 {[#]} 21. h4 $1 Qb6 22. Rfd1 f5 {[%eval 192,25]} (22... h5 $16 {[%eval 103,30]} 23. Bh3 Re8) 23. Bf3 $18 h6 24. Rc5 Rfd8 25. Ne2 Kh7 26. Bg2 R8d7 27. Nc3 {[%eval 89,31]} (27. Nf4 $142 {[%eval 150,31]}) 27... Qd8 $16 28. Na4 Qh8 {[%eval 163,30]} (28... b6 $16 {[%eval 98,36]}) 29. Rcc1 b6 {Prevents Nc5} 30. Nc3 Re6 {[%eval 196,25]} (30... Qf8 $16 {[%eval 156,32]} 31. b4 a6) 31. Ne2 $18 Nd8 32. Rc2 Nf7 33. Rdc1 Nd6 34. Nf4 Ne4 35. Qb4 {[%eval 177,31]} (35. Bxe4 $142 {[%eval 367,26]} Rxe4 36. Rc7 Rxc7 37. Rxc7) 35... Red6 36. Nd3 {[%eval 107,32]} ({White should try} 36. Ne2 $18 {[%eval 162,26]}) 36... a5 {[%eval 202,26]} (36... g5 $16 {[%eval 107,32]}) 37. Qb5 {Bf4 would now be deadly.} Rd8 $2 {[%eval 350,31]} (37... g5 {[%eval 161,32] keeps fighting.}) 38. Rc7 Re6 {[%eval 534,28]} (38... Qe8 {[%eval 284,30]} 39. Qa6 Nf6) 39. Nf4 {Weighted Error Value: White=0.28/Black=0.43} 1-0

[Event "2025 Spring TNM: 2000+"]
[Site "San Francisco"]
[Date "2025.03.11"]
[Round "2.12"]
[White "Gaffagan, Steven"]
[Black "Rajaram, Raghu"]
[Result "1-0"]
[Annotator "Winslow,Elliott"]
[WhiteElo "1967"]
[BlackElo "1812"]
[PlyCount "63"]
[GameId "2154884692668665"]
[EventDate "2025.??.??"]

1. c4 c6 2. d4 d5 3. Nf3 Nf6 4. Nc3 dxc4 5. a4 Bf5 6. e3 e6 7. Bxc4 Be7 (7... Bb4) 8. h3 Nbd7 9. Nh4 Bg6 10. Nxg6 hxg6 11. e4 Qa5 12. Bd2 Qb6 13. e5 Nd5 14. Ne2 {[#]} f6 15. a5 Qc7 16. Qc2 Nf8 17. Bxd5 exd5 18. Nf4 f5 19. Nxd5 Qd8 20. Nxe7 Qxe7 21. a6 Ne6 22. axb7 Qxb7 23. Qc4 Qd7 24. Ra4 Rh4 25. f4 Ke7 26. O-O g5 27. Bb4+ Ke8 28. Bd6 gxf4 29. d5 cxd5 30. Qxd5 Rc8 {[#]} 31. Raxf4 Rc5 32. Rxf5 1-0